00519nam a22001577a 4500003000400000005001700004008004100021020001900062040000800081050002500089100002300114245008800137250001800225260008300243300003500326OSt20240613170452.0240613b xxu||||| |||| 00| 0 eng d a9780448479170  cDLC aF128.64.L6bH65 2014 aHolub, Joand2014- a What is the Statue of Liberty? c by Joan Holub ; illustrated by John Hinderliter. afirst edition a New York :bGrosset & Dunlap, an imprint of Penguin Group (USA) LLC, c[2014] a 107 pb illustrationsc 20 cm